书目信息 |
| 题名: |
健康体适能评定与运动处方制定阐析
|
|
| 作者: | 李采丰 , 孙超 著 | |
| 分册: | ||
| 出版信息: | 北京 科学出版社 2018.7 |
|
| 页数: | 200页 | |
| 开本: | 26cm | |
| 丛书名: | ||
| 单 册: | ||
| 中图分类: | G806 , R455 | |
| 科图分类: | ||
| 主题词: | 体育锻炼--适应能力 , 运动疗法 | |
| 电子资源: | ||
| ISBN: | 978-7-03-053922-9 | |
| 000 | 01529nam0 2200301 45 | |
| 001 | 489960 | |
| 005 | 20140817111528.0 | |
| 010 | @a978-7-03-053922-9@dCNY55.00 | |
| 099 | @aCAL 012018130262 | |
| 100 | @a20180908d2018 em y0chiy0110 ea | |
| 101 | 0 | @achi |
| 102 | @aCN@b110000 | |
| 105 | @aak a 000yy | |
| 106 | @ar | |
| 200 | 1 | @a健康体适能评定与运动处方制定阐析@Ajian kang ti shi neng ping ding yu yun dong chu fang zhi ding chan xi@f李采丰, 孙超著 |
| 210 | @a北京@c科学出版社@d2018.7 | |
| 215 | @a200页@c图@d26cm | |
| 300 | @a重庆第二师范学院 成都体育学院联合打造 重庆第二师范学院科研平台 重庆市儿童体适能发展研究中心资助项目 重庆市教育委员会人文社科项目: 学校儿童运动与健康管理模型构建 (项目编号: 17SKG219) | |
| 320 | @a有书目 | |
| 330 | @a随着人们生活水平的不断提高, 越来越多的人开始注重健康, 对健康的投资成本也越来越高, 体适能的锻炼与评定已经成为人们健康生活中不可或缺的一项重要内容, 对于人们在进行体适能训练的过程中, 具体达到什么样的效果以及制定怎样的运动处方是一个值得我们深思的问题。本选题首先对健康体适能的概念和要素进行了基础的介绍, 然后讲述了耐力适能、肌肉适能、柔韧性、身体成分的测量与评定, 健康评估与风险的分层、健康体适能的测试与评定等内容, 理论的目的最终为了指导实践, 最后根据上述理论, 对于运动处方的制定以及特殊人群的运动处方制定进行了深入的分析。 | |
| 606 | 0 | @a体育锻炼@x适应能力 |
| 606 | 0 | @a运动疗法 |
| 690 | @aG806@v5 | |
| 690 | @aR455@v5 | |
| 701 | 0 | @a李采丰@Ali cai feng@4著 |
| 701 | 0 | @a孙超@Asun chao@4著 |
| 801 | @aCN@b江苏凤凰@c20211018 | |
| 905 | @b1355069-72@dG806@e959@f4 | |
| 健康体适能评定与运动处方制定阐析/李采丰, 孙超著.-北京:科学出版社,2018.7 |
| 200页:图;26cm |
| 重庆第二师范学院 成都体育学院联合打造 重庆第二师范学院科研平台 重庆市儿童体适能发展研究中心资助项目 重庆市教育委员会人文社科项目: 学校儿童运动与健康管理模型构建 (项目编号: 17SKG219) |
| ISBN 978-7-03-053922-9:CNY55.00 |
| 随着人们生活水平的不断提高, 越来越多的人开始注重健康, 对健康的投资成本也越来越高, 体适能的锻炼与评定已经成为人们健康生活中不可或缺的一项重要内容, 对于人们在进行体适能训练的过程中, 具体达到什么样的效果以及制定怎样的运动处方是一个值得我们深思的问题。本选题首先对健康体适能的概念和要素进行了基础的介绍, 然后讲述了耐力适能、肌肉适能、柔韧性、身体成分的测量与评定, 健康评估与风险的分层、健康体适能的测试与评定等内容, 理论的目的最终为了指导实践, 最后根据上述理论, 对于运动处方的制定以及特殊人群的运动处方制定进行了深入的分析。 |
| ● |
| 相关链接 |
|
|
|
|
正题名:健康体适能评定与运动处方制定阐析
索取号:G806/959
 
预约/预借
| 序号 | 登录号 | 条形码 | 馆藏地/架位号 | 状态 | 备注 |
| 1 | 1355069 | 213550691 | 第一样本阅览室/ [索取号:G806/959] | 在馆 | |
| 2 | 1355070 | 213550708 | 第四借阅区/ [索取号:G806/959] | 在馆 | |
| 3 | 1355071 | 213550717 | 第四借阅区/ [索取号:G806/959] | 在馆 | |
| 4 | 1355072 | 213550726 | 第四借阅区/ [索取号:G806/959] | 在馆 |